Minor Civil Divisions (Towns) of Maine With a Map - Statistics

General Stats
  • This quiz has been taken 4,088 times
  • The average score is 111 of 530
Answers on the Map
Answers color-coded by a green-red scale on the quiz's map according to % correct below.
 
Answer Stats
County MCD % Correct
Cumberland Portland
88%
Kennebec Augusta
78%
Penobscot Bangor
77%
York York
71%
Lincoln Southport
68%
Androscoggin Lewiston
67%
Hancock Bar Harbor
65%
Cumberland South Portland
64%
York Kennebunk
62%
Oxford | Penobscot Lincoln
61%
York Kittery
58%
Knox Washington
58%
York Kennebunkport
57%
Androscoggin Auburn
54%
Cumberland Brunswick
54%
Penobscot Orono
54%
York Biddeford
52%
Aroostook Presque Isle
52%
York Saco
52%
Cumberland Cumberland
51%
Oxford Oxford
51%
Cumberland Freeport
50%
Aroostook Caribou
49%
Kennebec Waterville
48%
Oxford Paris
47%
York Old Orchard Beach
46%
Cumberland Scarborough
46%
Waldo Waldo
46%
Sagadahoc Bath
45%
Knox Camden
45%
Cumberland Falmouth
45%
York Wells
45%
Cumberland Cape Elizabeth
44%
Hancock Franklin
44%
York Ogunquit
44%
Hancock Penobscot
44%
Knox Rockland
44%
Cumberland Yarmouth
44%
Washington Eastport
42%
Hancock Hancock
42%
Cumberland Westbrook
42%
Aroostook Fort Kent
41%
Penobscot Old Town
41%
Kennebec China
40%
Piscataquis Dover-Foxcroft
40%
Hancock Ellsworth
40%
Lincoln Jefferson
40%
Waldo Belfast
39%
Franklin Farmington
39%
Cumberland Gorham
39%
Aroostook Houlton
39%
Somerset Madison
39%
Penobscot Millinocket
39%
Penobscot Newport
39%
Knox Rockport
39%
Oxford Norway
38%
Androscoggin Poland
38%
Cumberland Windham
38%
Washington Calais
37%
York Sanford
37%
York Berwick
36%
Lincoln Boothbay
36%
Waldo Jackson
36%
Waldo Knox
36%
Cumberland Gray
35%
Somerset Skowhegan
35%
Oxford Mexico
34%
Sagadahoc Topsham
34%
Oxford Bethel
33%
Sagadahoc Bowdoin
33%
Penobscot Brewer
33%
Oxford Fryeburg
33%
Piscataquis Greenville
33%
Penobscot Lee
33%
Androscoggin Lisbon
33%
Washington Machias
33%
Aroostook Madawaska
33%
Kennebec Manchester
33%
York South Berwick
33%
Somerset Jackman
32%
Washington Lubec
32%
Waldo Northport
32%
York Arundel
31%
Penobscot Hampden
31%
Waldo Monroe
31%
York Eliot
30%
Kennebec Gardiner
30%
York North Berwick
30%
Oxford Rumford
30%
Knox St. George
30%
Lincoln Boothbay Harbor
29%
Sagadahoc Bowdoinham
29%
Androscoggin Durham
29%
York Lebanon
29%
Franklin Rangeley
29%
Cumberland Sebago
29%
Penobscot Springfield
29%
Oxford Sweden
29%
Aroostook Van Buren
29%
Aroostook Allagash
28%
Cumberland Harpswell
28%
Cumberland Naples
28%
Kennebec Rome
28%
Lincoln Wiscasset
28%
Hancock Blue Hill
27%
Cumberland Bridgton
27%
Lincoln Bristol
27%
Hancock Bucksport
27%
Penobscot Chester
27%
Lincoln Damariscotta
27%
Somerset Fairfield
27%
Penobscot Plymouth
27%
Sagadahoc Richmond
27%
Hancock Southwest Harbor
27%
Cumberland Standish
27%
Knox Union
27%
Knox Warren
27%
York Buxton
26%
Somerset Cambridge
26%
Kennebec Clinton
26%
Hancock Deer Isle
26%
Oxford Denmark
26%
Cumberland Harrison
26%
Hancock Mount Desert
26%
Cumberland New Gloucester
26%
Oxford Peru
26%
Kennebec Belgrade
25%
Cumberland Casco
25%
Sagadahoc Georgetown
25%
Kennebec Hallowell
25%
Penobscot Hermon
25%
Penobscot Milford
25%
Cumberland North Yarmouth
25%
Kennebec Oakland
25%
Cumberland Raymond
25%
Androscoggin Turner
25%
Kennebec | Waldo Unity
25%
Penobscot Veazie
25%
Knox Vinalhaven
25%
Lincoln Waldoboro
25%
York Acton
24%
Franklin Jay
24%
Lincoln Newcastle
24%
Aroostook Reed
24%
Waldo Searsport
24%
Knox Thomaston
24%
Hancock Trenton
24%
York Alfred
23%
Oxford Andover
23%
Penobscot East Millinocket
23%
Aroostook Easton
23%
Waldo Freedom
23%
Knox Friendship
23%
Androscoggin Greene
23%
Oxford Hartford
23%
York Hollis
23%
Androscoggin Leeds
23%
Aroostook Limestone
23%
Androscoggin Livermore
23%
Somerset Moscow
23%
Oxford Newry
23%
Somerset Pittsfield
23%
Kennebec Windsor
23%
Aroostook Ashland
22%
York Cornish
22%
Knox Hope
22%
York Limerick
22%
Sagadahoc Phippsburg
22%
York Waterboro
22%
York Dayton
21%
Kennebec Farmingdale
21%
Waldo Liberty
21%
York Limington
21%
Waldo Lincolnville
21%
Androscoggin Livermore Falls
21%
Cumberland Long Island
21%
Aroostook Mars Hill
21%
Androscoggin Mechanic Falls
21%
Penobscot Medway
21%
Cumberland Pownal
21%
Kennebec Sidney
21%
Oxford Waterford
21%
Waldo Winterport
21%
Kennebec Winthrop
21%
Somerset Athens
20%
Hancock Castine
20%
Penobscot Dexter
20%
Aroostook Fort Fairfield
20%
Aroostook Frenchville
20%
Penobscot Holden
20%
Kennebec Litchfield
20%
York Lyman
20%
Androscoggin Minot
20%
Lincoln Monhegan
20%
Somerset New Portland
20%
Hancock Otis
20%
Knox Owls Head
20%
Lincoln Somerville
20%
Aroostook Stockholm
20%
Kennebec Vassalboro
20%
Androscoggin Wales
20%
Sagadahoc West Bath
20%
Kennebec West Gardiner
20%
Franklin Wilton
20%
Kennebec Winslow
20%
Knox Appleton
19%
Kennebec Benton
19%
Penobscot Burlington
19%
Franklin Carrabassett Valley
19%
Waldo Frankfort
19%
Oxford Hanover
19%
Knox Isle au Haut
19%
Waldo Islesboro
19%
Oxford Milton
19%
Kennebec Monmouth
19%
Androscoggin Sabattus
19%
Hancock Stonington
19%
Kennebec Wayne
19%
Lincoln Whitefield
19%
Sagadahoc Woolwich
19%
Hancock Amherst
18%
Sagadahoc Arrowsic
18%
Cumberland Baldwin
18%
Hancock Brooklin
18%
Oxford Brownfield
18%
Oxford Canton
18%
Penobscot Charleston
18%
Cumberland Chebeague Island
18%
Kennebec Chelsea
18%
Washington Columbia
18%
Somerset Detroit
18%
Penobscot Etna
18%
Penobscot Exeter
18%
Cumberland Frye Island
18%
Washington Jonesport
18%
Washington Machiasport
18%
Somerset Norridgewock
18%
Knox North Haven
18%
Penobscot Orrington
18%
Somerset Palmyra
18%
Kennebec Randolph
18%
Kennebec Readfield
18%
York Shapleigh
18%
Knox South Thomaston
18%
Aroostook St. John
18%
Waldo Stockton Springs
18%
Aroostook Weston
18%
Waldo Belmont
17%
Somerset Bingham
17%
Penobscot Bradley
17%
Waldo Brooks
17%
Piscataquis Brownville
17%
Somerset Canaan
17%
Penobscot Carmel
17%
Penobscot Corinth
17%
Hancock Dedham
17%
Lincoln Dresden
17%
Penobscot Eddington
17%
Franklin Eustis
17%
Oxford Hebron
17%
Oxford Hiram
17%
Penobscot Kenduskeag
17%
Penobscot Levant
17%
Piscataquis Milo
17%
York Newfield
17%
Aroostook New Sweden
17%
Oxford North Oxford
17%
Aroostook Northwest Aroostook
17%
Hancock Orland
17%
York Parsonsfield
17%
Kennebec Pittston
17%
Oxford Porter
17%
Oxford Stow
17%
Hancock Surry
17%
Somerset The Forks
17%
Kennebec Vienna
17%
Oxford West Paris
17%
Kennebec Albion
16%
Franklin Avon
16%
Washington Cherryfield
16%
Knox Cushing
16%
Oxford Dixfield
16%
Penobscot Dixmont
16%
Washington East Machias
16%
Lincoln Edgecomb
16%
Penobscot Edinburg
16%
Piscataquis Guilford
16%
Franklin Kingfield
16%
Oxford Lovell
16%
Penobscot Lowell
16%
Kennebec Mount Vernon
16%
Lincoln Nobleboro
16%
Penobscot North Penobscot
16%
Waldo Palermo
16%
Franklin Phillips
16%
Washington Princeton
16%
Waldo Searsmont
16%
Aroostook St. Francis
16%
Hancock Tremont
16%
Waldo Troy
16%
Hancock Verona Island
16%
Oxford Woodstock
16%
Lincoln Alna
15%
Penobscot Alton
15%
Penobscot Bradford
15%
Aroostook Bridgewater
15%
Somerset Brighton
15%
Oxford Buckfield
15%
Waldo Burnham
15%
Aroostook Central Aroostook
15%
Penobscot Corinna
15%
Washington Cutler
15%
Aroostook Eagle Lake
15%
Penobscot Enfield
15%
Kennebec Fayette
15%
Oxford Gilead
15%
Hancock Gouldsboro
15%
Somerset Hartland
15%
Penobscot Hudson
15%
Washington Jonesboro
15%
Aroostook Littleton
15%
Penobscot Mattawamkeag
15%
Piscataquis Medford
15%
Piscataquis Monson
15%
Somerset Moose River
15%
Penobscot Newburgh
15%
Piscataquis Northeast Piscataquis
15%
Piscataquis Northwest Piscataquis
15%
Oxford Otisfield
15%
Washington Perry
15%
Oxford Roxbury
15%
Aroostook Sherman
15%
Aroostook St. Agatha
15%
Franklin Strong
15%
Hancock Sullivan
15%
Oxford Upton
15%
Aroostook Westfield
15%
Hancock Winter Harbor
15%
Aroostook Amity
14%
Somerset Anson
14%
Hancock Aurora
14%
Washington Baileyville
14%
Lincoln Bremen
14%
Washington Charlotte
14%
Franklin Dallas
14%
Penobscot Glenburn
14%
Oxford Greenwood
14%
Penobscot Howland
14%
Aroostook Island Falls
14%
Penobscot Lagrange
14%
Franklin North Franklin
14%
Washington North Washington
14%
Penobscot Patten
14%
Waldo Prospect
14%
Somerset Smithfield
14%
Aroostook South Aroostook
14%
Lincoln South Bristol
14%
Somerset St. Albans
14%
Oxford Stoneham
14%
Waldo Swanville
14%
Waldo Thorndike
14%
Franklin Weld
14%
Piscataquis Abbot
13%
Washington Addison
13%
Washington Beals
13%
Aroostook Blaine
13%
Somerset Caratunk
13%
Franklin Carthage
13%
Franklin Chesterville
13%
Somerset Cornville
13%
Washington Danforth
13%
Penobscot Greenbush
13%
Aroostook Hamlin
13%
Somerset Harmony
13%
Washington Harrington
13%
Franklin Industry
13%
Penobscot Lakeville
13%
Hancock Lamoine
13%
Aroostook Ludlow
13%
Aroostook Mapleton
13%
Washington Meddybemps
13%
Washington Milbridge
13%
Waldo Montville
13%
Waldo Morrill
13%
Aroostook New Canada
13%
Franklin New Sharon
13%
Somerset Northeast Somerset
13%
Washington Northfield
13%
Somerset Northwest Somerset
13%
Aroostook Oakfield
13%
Penobscot Passadumkeag
13%
Washington Pembroke
13%
Aroostook Smyrna
13%
Somerset Solon
13%
Somerset Starks
13%
Washington Steuben
13%
Hancock Swans Island
13%
Franklin Temple
13%
Washington Topsfield
13%
Washington Vanceboro
13%
Hancock Waltham
13%
Somerset West Forks
13%
Lincoln Westport Island
13%
Aroostook Woodland
13%
Washington Alexander
12%
Penobscot Argyle
12%
Washington Beddington
12%
Hancock Brooksville
12%
Oxford Byron
12%
Penobscot Clifton
12%
Washington Columbia Falls
12%
Washington Cooper
12%
Hancock Cranberry Isles
12%
Somerset Embden
12%
Hancock Frenchboro
12%
Penobscot Garland
12%
Aroostook Grand Isle
12%
Aroostook Hodgdon
12%
Washington Marshfield
12%
Aroostook Monticello
12%
Sagadahoc Perkins
12%
Piscataquis Sebec
12%
Hancock Sedgwick
12%
Piscataquis Shirley
12%
Oxford South Oxford
12%
Penobscot Stacyville
12%
Oxford Sumner
12%
Aroostook Washburn
12%
Penobscot Whitney
12%
Piscataquis Beaver Cove
11%
Aroostook Crystal
11%
Hancock East Hancock
11%
Aroostook Garfield
11%
Aroostook Hammond
11%
Penobscot Kingman
11%
Oxford Magalloway
11%
Knox Matinicus Isle
11%
Somerset Mercer
11%
Aroostook New Limerick
11%
Franklin New Vineyard
11%
Somerset Ripley
11%
Piscataquis Sangerville
11%
Hancock Sorrento
11%
Penobscot Stetson
11%
Aroostook Wallagrass
11%
Penobscot Webster
11%
Piscataquis Wellington
11%
Washington Whiting
11%
Penobscot Winn
11%
Aroostook Winterville
11%
Penobscot Woodville
11%
Aroostook Bancroft
10%
Piscataquis Bowerbank
10%
Penobscot Carroll
10%
Aroostook Caswell
10%
Aroostook Connor
10%
Washington Crawford
10%
Knox Criehaven
10%
Aroostook Cyr
10%
Washington Deblois
10%
Somerset Dennistown
10%
Washington Dennysville
10%
Aroostook Dyer Brook
10%
Hancock Eastbrook
10%
Franklin East Central Franklin
10%
Aroostook Haynesville
10%
Aroostook Hersey
10%
Aroostook Linneus
10%
Hancock Mariaville
10%
Aroostook Masardis
10%
Penobscot Maxfield
10%
Aroostook Merrill
10%
Penobscot Mount Chase
10%
Aroostook Orient
10%
Piscataquis Parkman
10%
Aroostook | Penobscot Penobscot Indian Island
10%
Aroostook Perham
10%
Aroostook Portage Lake
10%
Washington Robbinston
10%
Washington Roque Bluffs
10%
Franklin Sandy River
10%
Somerset Seboomook Lake
10%
Franklin South Franklin
10%
Aroostook Square Lake
10%
Washington Waite
10%
Washington Wesley
10%
Washington Whitneyville
10%
Franklin Wyman
10%
Washington Baring
9%
Piscataquis Blanchard
9%
Aroostook Castle Hill
9%
Hancock Central Hancock
9%
Somerset Central Somerset
9%
Aroostook Chapman
9%
Penobscot Drew
9%
Washington East Central Washington
9%
Washington Grand Lake Stream
9%
Lincoln Hibberts
9%
Piscataquis Kingsbury
9%
Piscataquis Lake View
9%
Lincoln Louds Island
9%
Aroostook Macwahoc
9%
Aroostook Moro
9%
Aroostook Nashville
9%
Hancock Northwest Hancock
9%
Penobscot Prentiss
9%
Penobscot Seboeis
9%
Aroostook Wade
9%
Franklin West Central Franklin
9%
Aroostook Westmanland
9%
Piscataquis Willimantic
9%
Franklin Coplin
8%
Penobscot East Central Penobscot
8%
Aroostook Glenwood
8%
Hancock Great Pond
8%
Somerset Highland
8%
Knox Muscle Ridge Islands
8%
Hancock Osborn
8%
Somerset Pleasant Ridge
8%
Piscataquis Southeast Piscataquis
8%
Washington Talmadge
8%
Washington Codyville
7%
Hancock Marshall Island
7%
Washington Passamaquoddy Indian Township
7%
Penobscot Twombly Ridge
7%
Washington Passamaquoddy Pleasant Point
6%
No matching quizzes found
Score Distribution
Percent of People with Each Score
Percentile by Number Answered
Your Score History
You have not taken this quiz